000
00268nam a2200109Ia 4500
008
190216s9999||||xx |||||||||||||| ||und||
100
_a
Ulloor S Parameswara Aiyer
245
0
_a
Karna Booshanam
260
_b
Ulloor Publishers
_c
1967
650
_a
Kavithkal
942
_c
BK
999
_c
26447
_d
26447